| 000 | 00565nam a2200193Ia 4500 | ||
|---|---|---|---|
| 003 | GCL | ||
| 008 | 140319s9999 xx 000 0 ara d | ||
| 040 |
_aGCL / _cGCL |
||
| 082 | 0 | 4 |
_a411.5 _bا ه |
| 100 | 1 | _aاحمد سليمان ياقوت | |
| 245 | 1 | 0 |
_aالهاء فى اللغة العربية / _cاحمد سليمان ياقوت |
| 260 |
_a[S.N] : _bدار المعرفة الجامعية ، _c1989 |
||
| 300 | _a44 ص | ||
| 490 | _a | ||
| 650 | 0 | 4 | _aالنحو |
| 650 | 0 | 4 | _aالاصوات اللغوية |
| 650 | 0 | 4 | _aالحروف |
| 942 |
_2ddc _cBK |
||
| 999 |
_c39779 _d39779 |
||